000
00257nam a2200097Ia 4500
001
807690
005
20250826171236.0
008
250824s9999 xx 000 0 und d
245
0
_a
VALİDE SULTANLAR VE HAREM
_c
AHMET ŞİMŞİRGİL
260
_b
TİMAŞ YAYINLARI
999
_c
807690
_d
807690